Anar al contingut

Конституционно-правовые основы судебной и прокурорской деятельности учебное пособие

Рассмотрены конституционно-правовые основы судебной и прокурорской деятельности; представлены основные понятия судебной власти, исторические аспекты ее формирования, принципы, статус, система судебных органов, их функции, понятие и формирование судебной практики органами судебной власти. Определены...

Descripció completa

Guardat en:
Dades bibliogràfiques
Autor principal: Гук П. А.
Format: Книга
Idioma:Russian
Publicat: Пенза ПГУ 2021
Edició:2-е изд., доп. и перераб.
Accés en línia:https://e.lanbook.com/book/322694
https://e.lanbook.com/img/cover/book/322694.jpg
Etiquetes: Afegir etiqueta
Sense etiquetes, Sigues el primer a etiquetar aquest registre!
LEADER 02668nam0a2200277 i 4500
001 322694
003 RuSpLAN
005 20240216150941.0
008 240216s2021 ru gs 000 0 rus
020 |a 978-5-907364-79-0 
040 |a RuSpLAN 
041 0 |a rus 
044 |a ru 
080 |a 343(075) 
245 0 0 |a Конституционно-правовые основы судебной и прокурорской деятельности  |b учебное пособие  |c Гук П. А. 
250 |a 2-е изд., доп. и перераб. 
260 |a Пенза  |b ПГУ  |c 2021 
300 |a 174 с. 
504 |a Библиогр.: доступна в карточке книги, на сайте ЭБС Лань 
520 8 |a Рассмотрены конституционно-правовые основы судебной и прокурорской деятельности; представлены основные понятия судебной власти, исторические аспекты ее формирования, принципы, статус, система судебных органов, их функции, понятие и формирование судебной практики органами судебной власти. Определены государственный статус прокуратуры, ее полномочия, участие органов прокуратуры в отдельных видах судопроизводства; даны методические рекомендации для проведения практических занятий. Приведены тестовые задания, перечень экзаменационных вопросов, примерные темы выпускных квалификационных работ. Издание подготовлено на кафедре «Правосудие» ПГУ в соответствии с Федеральным государственным образовательным стандартом высшего образования и предназначено для обучающихся по направлению подготовки 40.04.01 «Юриспруденция» и для преподавателей, ведущих данную дисциплину. 
521 8 |a Книга из коллекции ПГУ - Право. Юридические науки 
521 8 |a СЭБ 
100 1 |a Гук П. А. 
856 4 |u https://e.lanbook.com/book/322694 
856 4 8 |u https://e.lanbook.com/img/cover/book/322694.jpg 
953 |a https://e.lanbook.com/img/cover/book/322694.jpg